[Event "15. Obert Int. Sant Martí 2013 - B"]
[Site "Barcelona ESP"]
[Date "2013.07.18"]
[Round "6.72"]
[White "Cantero Mitjans, Carles"]
[Black "Quemades Schmid, Ricardo"]
[Result "1-0"]
[WhiteElo "1639"]
[BlackElo "1481"]
[PlyCount "100"]
[EventDate "2013.07.13"]
[EventType "swiss"]
[EventRounds "9"]
[EventCountry "ESP"]
[SourceTitle "Ajedrez en Madrid"]
[Source "lmi"]
[SourceDate "2013.07.13"]
[SourceVersion "1"]
[SourceVersionDate "2019.06.21"]
[SourceQuality "1"]

1. e4 d6 2. d4 Nf6 3. Nc3 c6 4. Bd3 e5 5. Nge2 Be7 6. O-O O-O 7. d5 cxd5 8.
Nxd5 Nxd5 9. exd5 Nd7 10. b3 f5 11. c4 e4 12. Bc2 Ne5 13. Bb2 Bf6 14. Nd4 Qe7
15. Qe2 a6 16. a4 Bd7 17. Kh1 Rae8 18. Rfe1 Ng6 19. Rad1 Be5 20. g3 Rf6 21. Bc1
Rf7 22. f4 exf3 23. Nxf3 Qf8 24. Nxe5 Rxe5 25. Qg2 Qe8 26. Rxe5 Qxe5 27. Rf1
Re7 28. Qf2 Qe2 29. Ba3 Qe5 30. Bb4 Qf6 31. Bxf5 Bxf5 32. Qxf5 Qxf5 33. Rxf5
Rd7 34. Kg2 Ne7 35. Rf1 g6 36. g4 Nc8 37. Kg3 Rf7 38. Re1 Kf8 39. Re6 Rd7 40.
Kf3 Kf7 41. Kf4 Re7 42. Rxe7+ Kxe7 43. Kg5 b6 44. Kh6 a5 45. Ba3 Kd7 46. Kxh7
Ne7 47. Kg7 Kc7 48. Kf6 Kd7 49. h4 Nc8 50. Kxg6 Ne7+ 1-0

[Event "15. Obert Int. Sant Martí 2013 - B"]
[Site "Barcelona ESP"]
[Date "2013.07.18"]
[Round "6.73"]
[White "Bernat Pascual, Magi"]
[Black "Rodriguez Batuecas, Jordi"]
[Result "0-1"]
[WhiteElo "1511"]
[BlackElo "1630"]
[PlyCount "70"]
[EventDate "2013.07.13"]
[EventType "swiss"]
[EventRounds "9"]
[EventCountry "ESP"]
[SourceTitle "Ajedrez en Madrid"]
[Source "lmi"]
[SourceDate "2013.07.13"]
[SourceVersion "1"]
[SourceVersionDate "2019.06.21"]
[SourceQuality "1"]

1. d4 Nf6 2. c4 g6 3. Nc3 Bg7 4. Nf3 d6 5. Bg5 Bf5 6. e3 Nbd7 7. Bd3 Bxd3 8.
Qxd3 O-O 9. O-O Rc8 10. Rac1 c5 11. d5 Ng4 12. Bf4 Nge5 13. Bxe5 Bxe5 14. Rfe1
Bg7 15. e4 Re8 16. Rc2 e6 17. Rce2 Ne5 18. Nxe5 Bxe5 19. Nd1 Rc7 20. Ne3 Qh4
21. Nf1 Rce7 22. h3 f5 23. exf5 exf5 24. Nh2 Bxb2 25. Nf3 Qf6 26. Rxe7 Rxe7 27.
Rxe7 Qxe7 28. Qe3 Qxe3 29. fxe3 a6 30. Nd2 Bc1 31. Nf1 b5 32. Kf2 bxc4 33. Ke2
Kf7 34. Nd2 Bxd2 35. Kxd2 Kf6 0-1

[Event "15. Obert Int. Sant Martí 2013 - B"]
[Site "Barcelona ESP"]
[Date "2013.07.18"]
[Round "6.74"]
[White "Martinez Navarro, Miquel"]
[Black "Navarro Pastor, Raul"]
[Result "0-1"]
[WhiteElo "1641"]
[BlackElo "1448"]
[PlyCount "110"]
[EventDate "2013.07.13"]
[EventType "swiss"]
[EventRounds "9"]
[EventCountry "ESP"]
[SourceTitle "Ajedrez en Madrid"]
[Source "lmi"]
[SourceDate "2013.07.13"]
[SourceVersion "1"]
[SourceVersionDate "2019.06.21"]
[SourceQuality "1"]

1. e4 e6 2. d4 d5 3. e5 c5 4. c3 Nc6 5. Bb5 Qb6 6. Bxc6+ Qxc6 7. Nf3 f6 8. O-O
Bd7 9. Re1 cxd4 10. cxd4 Be7 11. Nc3 fxe5 12. Nxe5 Qc7 13. Qh5+ g6 14. Nxg6 Nf6
15. Qe5 Qxe5 16. Nxe5 Rc8 17. Nxd7 Kxd7 18. Bf4 Bb4 19. Rac1 Rhf8 20. f3 Ba5
21. Be5 Nh5 22. Red1 Nf4 23. Kf2 Ng6 24. Bg3 Nf4 25. Bxf4 Rxf4 26. g3 Rf6 27.
Ne2 Rcf8 28. f4 Rh6 29. Kg2 Rf5 30. Ng1 Bc7 31. Nf3 Bb6 32. Rc2 Rf8 33. Rdc1
Rhf6 34. b4 a5 35. Rb1 Rb8 36. bxa5 Bxa5 37. Rc5 Bc7 38. Rcb5 b6 39. Ne5+ Kd6
40. Rc1 Bd8 41. Nc6 Rc8 42. Nxd8 Rxc1 43. Rxb6+ Kd7 44. Rb7+ Rc7 45. Nxe6 Rxe6
46. Rxc7+ Kxc7 47. g4 Re4 48. Kg3 Rxd4 49. g5 Kd7 50. f5 Ke7 51. h4 Ra4 52. h5
d4 53. Kf3 d3 54. Ke3 d2 55. Kxd2 Rxa2+ 0-1

[Event "15. Obert Int. Sant Martí 2013 - B"]
[Site "Barcelona ESP"]
[Date "2013.07.18"]
[Round "6.75"]
[White "Perez Garcia, Francisco Jose"]
[Black "Sogues Tena, Pilar"]
[Result "1-0"]
[WhiteElo "1840"]
[BlackElo "1455"]
[PlyCount "63"]
[EventDate "2013.07.13"]
[EventType "swiss"]
[EventRounds "9"]
[EventCountry "ESP"]
[SourceTitle "Ajedrez en Madrid"]
[Source "lmi"]
[SourceDate "2013.07.13"]
[SourceVersion "1"]
[SourceVersionDate "2019.06.21"]
[SourceQuality "1"]

1. e4 d6 2. d4 Nf6 3. Nc3 g6 4. Bg5 Bg7 5. Qd2 Nc6 6. O-O-O h5 7. d5 Ne5 8. f4
Ned7 9. Nf3 a6 10. e5 dxe5 11. fxe5 Ng8 12. e6 Bh6 13. exd7+ Bxd7 14. Bc4 b5
15. Bb3 Bg4 16. d6 cxd6 17. Qf4 Bxg5 18. Nxg5 Nf6 19. Nxf7 e5 20. Qg5 Qe7 21.
Nxh8 O-O-O 22. Nxg6 Qg7 23. Rdf1 Nh7 24. Ne7+ Qxe7 25. Qxe7 Rd7 26. Qe8+ Rd8
27. Qc6+ Kb8 28. Rf7 Rd7 29. Rxd7 Bxd7 30. Qb6+ Kc8 31. Nd5 Ng5 32. Qc7# 1-0

[Event "15. Obert Int. Sant Martí 2013 - B"]
[Site "Barcelona ESP"]
[Date "2013.07.18"]
[Round "6.83"]
[White "Antequera Garcia, Luis"]
[Black "Bernat Mor, Juli"]
[Result "0-1"]
[WhiteElo "1310"]
[BlackElo "1249"]
[PlyCount "128"]
[EventDate "2013.07.13"]
[EventType "swiss"]
[EventRounds "9"]
[EventCountry "ESP"]
[SourceTitle "Ajedrez en Madrid"]
[Source "lmi"]
[SourceDate "2013.07.13"]
[SourceVersion "1"]
[SourceVersionDate "2019.06.21"]
[SourceQuality "1"]

1. e4 c6 2. d4 d5 3. Nc3 dxe4 4. Nxe4 Bf5 5. Qf3 e6 6. Bd3 Qxd4 7. Ne2 Bxe4 8.
Bxe4 Qd8 9. O-O Nf6 10. Bg5 Be7 11. Rad1 Qa5 12. Bxf6 Bxf6 13. Nc3 O-O 14. a3
Na6 15. Rd7 Nc5 16. b4 Qxa3 17. bxc5 Qxc3 18. Qxc3 Bxc3 19. Rxb7 a5 20. Bxc6
Rac8 21. Ba4 Rxc5 22. Rd1 g6 23. Rdd7 Re5 24. g3 Re4 25. Bc6 Rb4 26. Rxb4 axb4
27. Kf1 Rb8 28. Ba4 Ra8 29. Bb3 Ra1+ 30. Ke2 Re1+ 31. Kf3 Kg7 32. Kg4 Kf6 33.
f4 Rf1 34. h4 h5+ 35. Kh3 Re1 36. g4 Re3+ 37. Kg2 Be1 38. g5+ Kg7 39. Rd4 Bc3
40. Rd6 Re1 41. Kf2 Kf8 42. Rd3 Ra1 43. Ke3 Rh1 44. Ke4 Rxh4 45. Rd8+ Ke7 46.
Rd1 e5 47. Kf3 Rxf4+ 48. Kg3 f6 49. gxf6+ Kxf6 50. Rd6+ Kg5 51. Rd8 Be1+ 52.
Kg2 Rf2+ 53. Kg1 Rd2 54. Re8 Bf2+ 55. Kg2 h4 56. Rxe5+ Kf4 57. Re6 Bg3+ 58. Kf1
Rf2+ 59. Kg1 h3 60. Rf6+ Ke3 61. Re6+ Kd2 62. Rd6+ Kc1 63. Rxg6 h2+ 64. Kh1
Rf1+ 0-1

[Event "15. Obert Int. Sant Martí 2013 - B"]
[Site "Barcelona ESP"]
[Date "2013.07.19"]
[Round "7.1"]
[White "Esteban Lupianez, Jose Miguel"]
[Black "Ji, Pablo"]
[Result "0-1"]
[WhiteElo "1788"]
[BlackElo "1546"]
[PlyCount "114"]
[EventDate "2013.07.13"]
[EventType "swiss"]
[EventRounds "9"]
[EventCountry "ESP"]
[SourceTitle "Ajedrez en Madrid"]
[Source "lmi"]
[SourceDate "2013.07.13"]
[SourceVersion "1"]
[SourceVersionDate "2019.06.21"]
[SourceQuality "1"]

1. e4 c5 2. Nf3 d6 3. d4 cxd4 4. Nxd4 Nf6 5. Nc3 g6 6. f4 Nc6 7. Nf3 Bg7 8. Be2
O-O 9. O-O Be6 10. h3 Rc8 11. Be3 Qa5 12. a3 a6 13. Bd3 Nd7 14. Qd2 Nc5 15. f5
Nxd3 16. fxe6 Nxb2 17. exf7+ Rxf7 18. Nd5 Nc4 19. Qxa5 N6xa5 20. Ng5 Rxf1+ 21.
Rxf1 Nc6 22. Bc1 Rf8 23. Ne6 Rxf1+ 24. Kxf1 Bb2 25. Bxb2 Nxb2 26. Ke2 Na4 27.
c4 Nc5 28. Nxc5 dxc5 29. Kd2 b5 30. cxb5 axb5 31. Kc3 Kf7 32. Nc7 b4+ 33. axb4
cxb4+ 34. Kc4 Kf6 35. Kd5 Nd8 36. h4 b3 37. Nb5 e6+ 38. Kd4 Nc6+ 39. Kd3 Ke5
40. Nc3 Nb4+ 41. Ke3 Nc2+ 42. Kd2 Kd4 43. g4 Ne3 44. Ne2+ Kxe4 45. h5 Nxg4 46.
hxg6 hxg6 47. Kc3 e5 48. Nc1 Kf3 49. Nxb3 e4 50. Nd2+ Ke3 51. Nc4+ Kf2 52. Nd2
e3 53. Ne4+ Kf3 54. Ng5+ Ke2 55. Nh3 Kf1 56. Ng5 e2 57. Nf3 Kf2 0-1

[Event "15. Obert Int. Sant Martí 2013 - B"]
[Site "Barcelona ESP"]
[Date "2013.07.19"]
[Round "7.3"]
[White "Alvarez Serrano, Carlos"]
[Black "Moreno Perez, Norberto"]
[Result "1-0"]
[WhiteElo "1894"]
[BlackElo "1920"]
[PlyCount "62"]
[EventDate "2013.07.13"]
[EventType "swiss"]
[EventRounds "9"]
[EventCountry "ESP"]
[SourceTitle "Ajedrez en Madrid"]
[Source "lmi"]
[SourceDate "2013.07.13"]
[SourceVersion "1"]
[SourceVersionDate "2019.06.21"]
[SourceQuality "1"]

1. e4 e5 2. Nf3 Nc6 3. d4 exd4 4. Nxd4 Nf6 5. Nxc6 bxc6 6. e5 Ng8 7. Bd3 d6 8.
O-O dxe5 9. Re1 Bd6 10. f4 Qh4 11. fxe5 Bc5+ 12. Kh1 Be6 13. Re4 Qe7 14. Nc3
Rd8 15. Qf1 h5 16. Na4 Nh6 17. Nxc5 Qxc5 18. Be3 Qe7 19. b4 Bd5 20. Bc5 Qe6 21.
c4 Bxe4 22. Bxe4 Ng4 23. Re1 g6 24. Qf3 Kd7 25. Qd3+ Kc8 26. Qa3 Rd2 27. Qxa7
Kd7 28. Bd6 Rc8 29. Bxc6+ Kd8 30. Bd5 Qf5 31. Bc5 Qxe5 1-0

[Event "15. Obert Int. Sant Martí 2013 - B"]
[Site "Barcelona ESP"]
[Date "2013.07.19"]
[Round "7.4"]
[White "Iglesias Garcia, Jorge"]
[Black "Saiz Rodrigo, Josep Fernando"]
[Result "1/2-1/2"]
[WhiteElo "1956"]
[BlackElo "1950"]
[PlyCount "101"]
[EventDate "2013.07.13"]
[EventType "swiss"]
[EventRounds "9"]
[EventCountry "ESP"]
[SourceTitle "Ajedrez en Madrid"]
[Source "lmi"]
[SourceDate "2013.07.13"]
[SourceVersion "1"]
[SourceVersionDate "2019.06.21"]
[SourceQuality "1"]

1. d4 Nf6 2. Nf3 g6 3. g3 Bg7 4. Bg2 c6 5. c4 d5 6. b3 Bf5 7. O-O O-O 8. Nbd2
Ne4 9. Bb2 Nd7 10. Nh4 Nxd2 11. Qxd2 Be6 12. cxd5 cxd5 13. Rac1 Qb6 14. e3 Rac8
15. Ba3 Bf6 16. Nf3 Qa6 17. Bb4 b6 18. h4 h6 19. Qb2 Nc5 20. Qa3 Qxa3 21. Bxa3
Ne4 22. Bb2 g5 23. hxg5 hxg5 24. Ne5 g4 25. Bxe4 dxe4 26. Nc6 Rc7 27. Rc3 Kg7
28. Rfc1 Rd7 29. Nb4 a5 30. Na6 Rh8 31. Rc6 Rd5 32. Nc7 Rdh5 33. Nxe6+ fxe6 34.
Kf1 Bg5 35. Rxe6 Kf7 36. Rxb6 Bxe3 37. Rc5 Rxc5 38. dxc5 Bxc5 39. Bxh8 Bxb6 40.
Ke2 Ke6 41. Bc3 Kd5 42. Bd2 e5 43. Be3 Bd4 44. Kd2 Kc5 45. a3 Kb5 46. Ke2 a4
47. bxa4+ Kxa4 48. Bg5 Kxa3 49. Bf6 Kb4 50. Bxe5 Bxe5 51. Ke3 1/2-1/2

[Event "15. Obert Int. Sant Martí 2013 - B"]
[Site "Barcelona ESP"]
[Date "2013.07.19"]
[Round "7.5"]
[White "Blesa Fernandez, Francisco"]
[Black "Riera Danes, Manel"]
[Result "1/2-1/2"]
[WhiteElo "1951"]
[BlackElo "1930"]
[PlyCount "39"]
[EventDate "2013.07.13"]
[EventType "swiss"]
[EventRounds "9"]
[EventCountry "ESP"]
[SourceTitle "Ajedrez en Madrid"]
[Source "lmi"]
[SourceDate "2013.07.13"]
[SourceVersion "1"]
[SourceVersionDate "2019.06.21"]
[SourceQuality "1"]

1. d4 d5 2. c4 e6 3. Nc3 Be7 4. Nf3 c6 5. e4 dxe4 6. Nxe4 Nf6 7. Nc3 O-O 8. Bd3
c5 9. d5 exd5 10. cxd5 Bg4 11. h3 Bh5 12. O-O Bg6 13. Bf4 Nxd5 14. Nxd5 Qxd5
15. Bxg6 Qxd1 16. Bxh7+ Kxh7 17. Rfxd1 Bf6 18. Rac1 Na6 19. b3 Rfe8 20. Kf1
1/2-1/2

[Event "15. Obert Int. Sant Martí 2013 - B"]
[Site "Barcelona ESP"]
[Date "2013.07.19"]
[Round "7.6"]
[White "Catalan Escale, Enric"]
[Black "Dominguez Carnero, Javier"]
[Result "1/2-1/2"]
[WhiteElo "1988"]
[BlackElo "1913"]
[PlyCount "37"]
[EventDate "2013.07.13"]
[EventType "swiss"]
[EventRounds "9"]
[EventCountry "ESP"]
[SourceTitle "Ajedrez en Madrid"]
[Source "lmi"]
[SourceDate "2013.07.13"]
[SourceVersion "1"]
[SourceVersionDate "2019.06.21"]
[SourceQuality "1"]

1. e4 c6 2. Nc3 d5 3. Qf3 e6 4. d4 dxe4 5. Qxe4 Nf6 6. Qe3 Be7 7. Nf3 Qb6 8.
Bc4 a5 9. a3 Nd5 10. Nxd5 cxd5 11. Bd3 Bd7 12. Qe2 Nc6 13. O-O Nxd4 14. Nxd4
Qxd4 15. Be3 Qe5 16. f4 Qc7 17. c4 dxc4 18. Bxc4 O-O 19. Rac1 1/2-1/2

[Event "15. Obert Int. Sant Martí 2013 - B"]
[Site "Barcelona ESP"]
[Date "2013.07.19"]
[Round "7.7"]
[White "Navarro Gutierrez, Andres Camilo"]
[Black "Masferrer Niubo, Enric"]
[Result "1-0"]
[WhiteElo "1909"]
[BlackElo "1961"]
[PlyCount "81"]
[EventDate "2013.07.13"]
[EventType "swiss"]
[EventRounds "9"]
[EventCountry "ESP"]
[SourceTitle "Ajedrez en Madrid"]
[Source "lmi"]
[SourceDate "2013.07.13"]
[SourceVersion "1"]
[SourceVersionDate "2019.06.21"]
[SourceQuality "1"]

1. g3 Nf6 2. Bg2 e5 3. c4 Nc6 4. Nc3 d6 5. e3 g6 6. Nge2 Bg7 7. O-O O-O 8. Rb1
Be6 9. Nd5 Qd7 10. d3 Bh3 11. e4 Bxg2 12. Kxg2 Nd8 13. Bg5 Nxd5 14. cxd5 c5 15.
b4 f6 16. Be3 cxb4 17. Rxb4 b6 18. Qa4 Qxa4 19. Rxa4 Nb7 20. Rc1 Nc5 21. Ra3 f5
22. f3 Rf7 23. Bxc5 dxc5 24. Nc3 Bf8 25. Ra6 Rd8 26. Nb5 Rdd7 27. Rc4 Bd6 28.
Nxd6 Rxd6 29. Rxc5 Rdf6 30. Rc8+ Kg7 31. Ra3 Rd6 32. Ra8 a5 33. Rc3 Rb7 34. Kf2
h5 35. Ke3 Kf6 36. d4 exd4+ 37. Kxd4 fxe4 38. fxe4 Ke7 39. Rh8 Rbd7 40. Rcc8
Kf7 41. Rh7+ 1-0

[Event "15. Obert Int. Sant Martí 2013 - B"]
[Site "Barcelona ESP"]
[Date "2013.07.19"]
[Round "7.8"]
[White "Perez Garcia, Jose Miguel"]
[Black "Colom Andres, Xavier"]
[Result "1-0"]
[WhiteElo "1950"]
[BlackElo "1876"]
[PlyCount "43"]
[EventDate "2013.07.13"]
[EventType "swiss"]
[EventRounds "9"]
[EventCountry "ESP"]
[SourceTitle "Ajedrez en Madrid"]
[Source "lmi"]
[SourceDate "2013.07.13"]
[SourceVersion "1"]
[SourceVersionDate "2019.06.21"]
[SourceQuality "1"]

1. c4 c6 2. d4 d5 3. Nf3 Nf6 4. Nc3 a6 5. Ne5 dxc4 6. Nxc4 b5 7. Ne5 Bb7 8. Bg5
Nbd7 9. Qb3 Nxe5 10. dxe5 Nd5 11. e4 Nxc3 12. Qxc3 h6 13. Bh4 Qc8 14. Rd1 Rg8
15. Be2 g5 16. Bg3 e6 17. Bh5 Qc7 18. O-O Rd8 19. Qf3 Rxd1 20. Rxd1 Bc8 21. Qf6
Qe7 22. Bxf7+ 1-0

[Event "15. Obert Int. Sant Martí 2013 - B"]
[Site "Barcelona ESP"]
[Date "2013.07.19"]
[Round "7.9"]
[White "Espinosa Cebrian, Carlos"]
[Black "Aprea, Daniele"]
[Result "0-1"]
[WhiteElo "1861"]
[BlackElo "1945"]
[PlyCount "44"]
[EventDate "2013.07.13"]
[EventType "swiss"]
[EventRounds "9"]
[EventCountry "ESP"]
[SourceTitle "Ajedrez en Madrid"]
[Source "lmi"]
[SourceDate "2013.07.13"]
[SourceVersion "1"]
[SourceVersionDate "2019.06.21"]
[SourceQuality "1"]

1. d4 e6 2. g3 f5 3. Bg2 Nf6 4. Nd2 c5 5. dxc5 Bxc5 6. e4 Ng4 7. Nh3 Bxf2+ 8.
Nxf2 Ne3 9. Qe2 Nxc2+ 10. Kd1 Nxa1 11. b4 Qc7 12. Nc4 O-O 13. Bb2 fxe4 14. Bxe4
d5 15. Bxh7+ Kxh7 16. Qh5+ Kg8 17. Ng4 Qf7 18. Qg5 Qf3+ 19. Kd2 Qg2+ 20. Kd3
dxc4+ 21. Kc3 Rf3+ 22. Ne3 Rxe3+ 0-1

[Event "15. Obert Int. Sant Martí 2013 - B"]
[Site "Barcelona ESP"]
[Date "2013.07.19"]
[Round "7.10"]
[White "Lozano Diaz, Antoni"]
[Black "Molano Lafuente, Ismael"]
[Result "1/2-1/2"]
[WhiteElo "1846"]
[BlackElo "1943"]
[PlyCount "101"]
[EventDate "2013.07.13"]
[EventType "swiss"]
[EventRounds "9"]
[EventCountry "ESP"]
[SourceTitle "Ajedrez en Madrid"]
[Source "lmi"]
[SourceDate "2013.07.13"]
[SourceVersion "1"]
[SourceVersionDate "2019.06.21"]
[SourceQuality "1"]

1. d4 Nf6 2. Nf3 e6 3. e3 b6 4. Bd3 Bb7 5. Nbd2 c5 6. c3 Nc6 7. O-O Qc7 8. e4
cxd4 9. cxd4 Nb4 10. Bb1 Ba6 11. Re1 Rc8 12. d5 Ng4 13. Nb3 Nc2 14. Bxc2 Qxc2
15. Qxc2 Rxc2 16. Nfd4 Rc8 17. h3 Ne5 18. dxe6 fxe6 19. Rd1 Be7 20. Bd2 O-O 21.
Bc3 Nd3 22. f3 Nf4 23. Kf2 Rf7 24. Rd2 d5 25. e5 Nd3+ 26. Kg1 Bg5 27. Rdd1 Be3+
28. Kh2 Bf4+ 29. Kg1 Bxe5 30. Nxe6 Bxc3 31. bxc3 Rxc3 32. Nbd4 Rc8 33. Rab1 Bc4
34. a3 Nc5 35. Ng5 Rf6 36. h4 h6 37. Nh3 Ne6 38. Nxe6 Rxe6 39. Nf4 Re3 40. Ra1
Rc5 41. Kf2 Rb3 42. Kg3 Ra5 43. Re1 Kf7 44. Re5 d4 45. Re4 g5 46. hxg5 hxg5 47.
Nh3 Raxa3 48. Rae1 Re3 49. R1xe3 Rxe3 50. Rxd4 b5 51. Nxg5+ 1/2-1/2

[Event "15. Obert Int. Sant Martí 2013 - B"]
[Site "Barcelona ESP"]
[Date "2013.07.19"]
[Round "7.11"]
[White "Varela La Madrid, Maria"]
[Black "Albert Estebanez, Carles"]
[Result "1-0"]
[WhiteElo "1927"]
[BlackElo "1734"]
[PlyCount "99"]
[EventDate "2013.07.13"]
[EventType "swiss"]
[EventRounds "9"]
[EventCountry "ESP"]
[SourceTitle "Ajedrez en Madrid"]
[Source "lmi"]
[SourceDate "2013.07.13"]
[SourceVersion "1"]
[SourceVersionDate "2019.06.21"]
[SourceQuality "1"]

1. d4 Nf6 2. Nf3 d6 3. c4 Nbd7 4. Nc3 g6 5. g3 Bg7 6. Bg2 O-O 7. O-O c5 8. e4
cxd4 9. Nxd4 Ne5 10. b3 Bd7 11. h3 Nc6 12. Be3 Ne8 13. Qd2 Qa5 14. Rad1 Qd8 15.
f4 Nc7 16. Nd5 Nxd5 17. exd5 Nxd4 18. Bxd4 Bxd4+ 19. Qxd4 Qb6 20. Qxb6 axb6 21.
a4 Rfe8 22. Rfe1 h5 23. Bf1 Rac8 24. Kg2 Ra8 25. Re3 Kg7 26. Be2 Rad8 27. g4
hxg4 28. hxg4 e6 29. dxe6 Rxe6 30. Rxe6 fxe6 31. Kg3 Bc6 32. Rd2 Rd7 33. g5 d5
34. cxd5 Rxd5 35. Rxd5 Bxd5 36. b4 Kf7 37. Bd3 Bc6 38. a5 bxa5 39. bxa5 Bd5 40.
Kf2 Bc6 41. Ke3 Bd5 42. Kd4 Bg2 43. Ke5 Bf3 44. Kd6 Bd5 45. Bb5 Bb3 46. Bd7 Bc4
47. Bc8 Bd5 48. Kc7 e5 49. fxe5 Bc4 50. Kd6 1-0

[Event "15. Obert Int. Sant Martí 2013 - B"]
[Site "Barcelona ESP"]
[Date "2013.07.19"]
[Round "7.12"]
[White "Diaz Nieto, Alberto"]
[Black "Tadevosyan, Galust"]
[Result "1-0"]
[WhiteElo "1918"]
[BlackElo "1732"]
[PlyCount "59"]
[EventDate "2013.07.13"]
[EventType "swiss"]
[EventRounds "9"]
[EventCountry "ESP"]
[SourceTitle "Ajedrez en Madrid"]
[Source "lmi"]
[SourceDate "2013.07.13"]
[SourceVersion "1"]
[SourceVersionDate "2019.06.21"]
[SourceQuality "1"]

1. d4 Nf6 2. c4 g6 3. Nc3 Bg7 4. e4 O-O 5. f4 c5 6. d5 d6 7. Nf3 e6 8. dxe6
Bxe6 9. Bd3 Nc6 10. f5 Bd7 11. O-O Ng4 12. Nd5 Nd4 13. Ng5 Ne5 14. f6 Bh6 15.
Ne7+ Kh8 16. Ne6 fxe6 17. Bxh6 Rf7 18. h4 b5 19. h5 Rxe7 20. fxe7 Qxe7 21. Qd2
Qh4 22. hxg6 hxg6 23. Bg5 Qg3 24. Bf6+ Kg8 25. Qh6 Nef3+ 26. Rxf3 Nxf3+ 27. Kh1
Qh2+ 28. Qxh2 Nxh2 29. Kxh2 bxc4 30. Bxc4 1-0

[Event "15. Obert Int. Sant Martí 2013 - B"]
[Site "Barcelona ESP"]
[Date "2013.07.19"]
[Round "7.13"]
[White "Walter Travella, German"]
[Black "Carballo Cancela, Manuel"]
[Result "0-1"]
[WhiteElo "1973"]
[BlackElo "1850"]
[PlyCount "100"]
[EventDate "2013.07.13"]
[EventType "swiss"]
[EventRounds "9"]
[EventCountry "ESP"]
[SourceTitle "Ajedrez en Madrid"]
[Source "lmi"]
[SourceDate "2013.07.13"]
[SourceVersion "1"]
[SourceVersionDate "2019.06.21"]
[SourceQuality "1"]

1. e4 e6 2. d4 d5 3. Nc3 Bb4 4. Nge2 dxe4 5. a3 Be7 6. Nxe4 Nf6 7. N2c3 O-O 8.
Ng3 c5 9. dxc5 Qxd1+ 10. Nxd1 Bxc5 11. Be3 Bxe3 12. Nxe3 Rd8 13. Bd3 Nc6 14.
O-O-O b6 15. h4 Bb7 16. h5 h6 17. Ne4 Nxe4 18. Bxe4 Na5 19. Bd3 Rac8 20. Kb1
Nc6 21. f4 Ne7 22. Rhg1 Nd5 23. Nxd5 Bxd5 24. Ba6 Rb8 25. Kc1 b5 26. a4 bxa4
27. c4 Bc6 28. Rxd8+ Rxd8 29. g4 Bf3 30. Kc2 Rd4 31. c5 Rd5 32. Kc3 Rxc5+ 33.
Kb4 Rc2 34. Kxa4 Rxb2 35. Ka3 Rg2 36. Rc1 Bxg4 37. Rc8+ Kh7 38. Bd3+ Bf5 39.
Bxf5+ exf5 40. Rc5 g6 41. Rc7 gxh5 42. Rxf7+ Kg6 43. Rxa7 h4 44. Ra6+ Kh5 45.
Rf6 Rg3+ 46. Kb2 Kg4 47. Rxh6 h3 48. Kc2 Kxf4 49. Kd2 Kf3 50. Rh4 Kg2 0-1

[Event "15. Obert Int. Sant Martí 2013 - B"]
[Site "Barcelona ESP"]
[Date "2013.07.19"]
[Round "7.15"]
[White "Aguilera Bonaque, Juan Carlos"]
[Black "Torrents Senal, Marc"]
[Result "1-0"]
[WhiteElo "1957"]
[BlackElo "1829"]
[PlyCount "97"]
[EventDate "2013.07.13"]
[EventType "swiss"]
[EventRounds "9"]
[EventCountry "ESP"]
[SourceTitle "Ajedrez en Madrid"]
[Source "lmi"]
[SourceDate "2013.07.13"]
[SourceVersion "1"]
[SourceVersionDate "2019.06.21"]
[SourceQuality "1"]

1. f4 d5 2. Nf3 c5 3. g3 Nc6 4. Bg2 Nf6 5. O-O g6 6. d3 Bg7 7. Qe1 d4 8. e4
dxe3 9. Qxe3 Nd4 10. Na3 Ng4 11. Qe1 h5 12. h3 Nh6 13. Ne5 Rb8 14. Be3 Bxe5 15.
fxe5 b6 16. c3 Ndf5 17. Bg5 Qxd3 18. Rf3 Qa6 19. Rf4 Be6 20. Bc6+ Kf8 21. g4
Ng7 22. Qe4 Kg8 23. Bxe7 Kh7 24. Nb5 Rbc8 25. c4 Qa4 26. b3 Qa5 27. Bf6 hxg4
28. Nd6 Qc3 29. Rd1 Qg3+ 30. Kf1 Rxc6 31. Rd3 Bf5 32. Rxg3 Bxe4 33. Nxe4 Nh5
34. Ng5+ Kg8 35. Rd3 Rc8 36. Rf2 Nxf6 37. exf6 Nf5 38. hxg4 Nd4 39. Re3 Rh4 40.
Rf4 Nc6 41. Kg2 Rd8 42. Nf3 Rh8 43. Rfe4 Rf8 44. Rd3 Rc8 45. Rd7 Rh6 46. Ng5
Rf8 47. Rc7 Nd4 48. Rxa7 Ne6 49. Nxe6 1-0

[Event "15. Obert Int. Sant Martí 2013 - B"]
[Site "Barcelona ESP"]
[Date "2013.07.19"]
[Round "7.16"]
[White "Alfara Ayllon, Jose Luis"]
[Black "Albert Cristobal, Jorge"]
[Result "1-0"]
[WhiteElo "1940"]
[BlackElo "1802"]
[PlyCount "67"]
[EventDate "2013.07.13"]
[EventType "swiss"]
[EventRounds "9"]
[EventCountry "ESP"]
[SourceTitle "Ajedrez en Madrid"]
[Source "lmi"]
[SourceDate "2013.07.13"]
[SourceVersion "1"]
[SourceVersionDate "2019.06.21"]
[SourceQuality "1"]

1. e4 c5 2. Nf3 d6 3. d4 cxd4 4. Nxd4 Nf6 5. Nc3 g6 6. Be3 Bg7 7. f3 Nc6 8. Qd2
O-O 9. g4 Nxd4 10. Bxd4 e5 11. Be3 h5 12. h3 Be6 13. O-O-O Qa5 14. a3 a6 15.
Qxd6 Nd7 16. gxh5 Rfd8 17. Qb4 Qc7 18. Nd5 Bxd5 19. Rxd5 Bf8 20. Qb3 Kg7 21.
hxg6 fxg6 22. h4 Nf6 23. Bb6 Nxd5 24. Bxc7 Nxc7 25. Qxb7 Rd7 26. h5 Bc5 27. Bh3
Be3+ 28. Kb1 Rf7 29. hxg6 Ra7 30. Qb3 Rxf3 31. Bf5 Nb5 32. Rh7+ Kf6 33. Rxa7
Bxa7 34. Qxf3 1-0

[Event "15. Obert Int. Sant Martí 2013 - B"]
[Site "Barcelona ESP"]
[Date "2013.07.19"]
[Round "7.17"]
[White "Beaskoa Estany, Gabriel"]
[Black "Perez Cuadrado, Eduardo"]
[Result "1-0"]
[WhiteElo "1930"]
[BlackElo "1783"]
[PlyCount "41"]
[EventDate "2013.07.13"]
[EventType "swiss"]
[EventRounds "9"]
[EventCountry "ESP"]
[SourceTitle "Ajedrez en Madrid"]
[Source "lmi"]
[SourceDate "2013.07.13"]
[SourceVersion "1"]
[SourceVersionDate "2019.06.21"]
[SourceQuality "1"]

1. e4 e5 2. Nf3 Nf6 3. Nc3 Nc6 4. d4 exd4 5. Nxd4 Bc5 6. Nxc6 bxc6 7. Bd3 d5 8.
exd5 cxd5 9. O-O O-O 10. Bg5 Be6 11. Qf3 Bd6 12. Nb5 Bxh2+ 13. Kxh2 Ng4+ 14.
Qxg4 Bxg4 15. Bxd8 Rfxd8 16. Nxc7 Rac8 17. Nb5 a6 18. Nd4 a5 19. Rfe1 Rd6 20.
Bf5 Bxf5 21. Nxf5 1-0